000 00672nam a2200229Ia 4500
003 OSt
005 20220923214131.0
006 a|||||r|||| 00| 0
007 ta
008 220922b |||||||| |||| 00| 0 hin d
024 _a167,244
037 _cTextual
040 _aARTS
_cARTS
_bhin
041 _2hin
_ahin
082 _aO152:1K13x, J0;1
100 _aभूषण
245 0 _aभूषण-ग्रन्थावली , राजनारायण शर्मा
246 _aBhūṣhaṇa-granthāvalī , rājanārāyaṇ sharmā
260 _c1950
942 _hO152:1K13x, J0;1
_cTEXL
_2CC
999 _c321723
_d321723